<?xml version="1.0" encoding="UTF-8"?>
<record
    xmlns:xsi="http://www.w3.org/2001/XMLSchema-instance"
    xsi:schemaLocation="http://www.loc.gov/MARC21/slim http://www.loc.gov/standards/marcxml/schema/MARC21slim.xsd"
    xmlns="http://www.loc.gov/MARC21/slim">

  <leader>02626cam a2200325 i 4500</leader>
  <controlfield tag="001">12434067</controlfield>
  <controlfield tag="005">20260512150334.0</controlfield>
  <controlfield tag="008">220112s2022    txua     b    001 0 eng  </controlfield>
  <datafield tag="010" ind1=" " ind2=" ">
    <subfield code="a">  2021062758</subfield>
  </datafield>
  <datafield tag="020" ind1=" " ind2=" ">
    <subfield code="a">9781637740798</subfield>
    <subfield code="q">(hardcover)</subfield>
  </datafield>
  <datafield tag="020" ind1=" " ind2=" ">
    <subfield code="a">1637740794</subfield>
  </datafield>
  <datafield tag="020" ind1=" " ind2=" ">
    <subfield code="z">9781637740804</subfield>
    <subfield code="q">(ebook)</subfield>
  </datafield>
  <datafield tag="024" ind1=" " ind2=" ">
    <subfield code="a">99992330378</subfield>
  </datafield>
  <datafield tag="035" ind1=" " ind2=" ">
    <subfield code="a">(OCoLC)on1273670721</subfield>
  </datafield>
  <datafield tag="035" ind1=" " ind2=" ">
    <subfield code="a">(CaBVaU)12434067</subfield>
  </datafield>
  <datafield tag="040" ind1=" " ind2=" ">
    <subfield code="a">DLC</subfield>
    <subfield code="b">eng</subfield>
    <subfield code="c">DLC</subfield>
    <subfield code="e">rda</subfield>
    <subfield code="d">NhCcYME</subfield>
    <subfield code="d">UtOrBLW</subfield>
  </datafield>
  <datafield tag="041" ind1=" " ind2=" ">
    <subfield code="a">English</subfield>
  </datafield>
  <datafield tag="042" ind1=" " ind2=" ">
    <subfield code="a">pcc</subfield>
  </datafield>
  <datafield tag="050" ind1="0" ind2="0">
    <subfield code="a">HF5415</subfield>
    <subfield code="b">.R56653 2022</subfield>
  </datafield>
  <datafield tag="100" ind1=" " ind2=" ">
    <subfield code="a">Roetzer, Paul,</subfield>
    <subfield code="d">1978-</subfield>
    <subfield code="e">author.</subfield>
  </datafield>
  <datafield tag="245" ind1="1" ind2="0">
    <subfield code="a">Marketing artificial intelligence </subfield>
    <subfield code="b">: AI, marketing, and the future of business </subfield>
    <subfield code="c">/ Paul Roetzer with Mike Kaput.</subfield>
  </datafield>
  <datafield tag="264" ind1=" " ind2="1">
    <subfield code="a">Dallas, TX :</subfield>
    <subfield code="b">Matt Holt Books,</subfield>
    <subfield code="c">[2022]</subfield>
  </datafield>
  <datafield tag="300" ind1=" " ind2=" ">
    <subfield code="a">240 pages :</subfield>
    <subfield code="b">illustrations ;</subfield>
    <subfield code="c">24 cm</subfield>
  </datafield>
  <datafield tag="504" ind1=" " ind2=" ">
    <subfield code="a">Includes bibliographical references and index.</subfield>
  </datafield>
  <datafield tag="520" ind1=" " ind2=" ">
    <subfield code="a">Artificial intelligence is projected to generate trillions of pounds in value for businesses and the wider economy, yet many marketers still struggle to grasp what it is and how it can be applied effectively in their work.

The reality is that AI has the potential to transform everything.

While AI-driven marketing technologies may never fully deliver the science-fiction vision of autonomous, self-improving systems, even modest applications of AI can significantly enhance productivity, efficiency and overall performance.

Paul Roetzer, Founder and CEO of the Marketing AI Institute, and Mike Kaput, its Chief Content Officer, combine their expertise to demonstrate how marketers can embrace AI and turn it into a genuine source of competitive advantage.

Marketing Artificial Intelligence draws on years of research and dozens of interviews with practitioners, executives, engineers and entrepreneurs. Roetzer and Kaput set out both the current potential of AI and a near future in which marketers and machines collaborate to deliver personalised campaigns of unprecedented sophistication with remarkable simplicity.

As the volume of data grows exponentially, marketers&#x2019; ability to cut through the noise and turn information into actionable intelligence remains constrained. This book shows you how to make overcoming that challenge your superpower.

Marketing Artificial Intelligence is a practical blueprint for understanding and applying AI, providing marketers with the knowledge and confidence to stay ahead in a rapidly changing industry.</subfield>
  </datafield>
  <datafield tag="650" ind1=" " ind2="0">
    <subfield code="a">Marketing </subfield>
    <subfield code="x">Technological innovations</subfield>
    <subfield code="9">1127</subfield>
  </datafield>
  <datafield tag="650" ind1=" " ind2="0">
    <subfield code="a">Artificial Intelligence</subfield>
    <subfield code="9">14147</subfield>
  </datafield>
  <datafield tag="700" ind1=" " ind2=" ">
    <subfield code="a">Kaput, Mike,</subfield>
    <subfield code="e">author.</subfield>
    <subfield code="9">25906</subfield>
  </datafield>
  <datafield tag="942" ind1=" " ind2=" ">
    <subfield code="2">lcc</subfield>
  </datafield>
  <datafield tag="952" ind1=" " ind2=" ">
    <subfield code="0">0</subfield>
    <subfield code="1">0</subfield>
    <subfield code="2">lcc</subfield>
    <subfield code="4">0</subfield>
    <subfield code="7">0</subfield>
    <subfield code="a">TBS</subfield>
    <subfield code="b">TBS</subfield>
    <subfield code="d">2025-09-16</subfield>
    <subfield code="l">0</subfield>
    <subfield code="o">HF5415 ROE</subfield>
    <subfield code="p">B05637</subfield>
    <subfield code="r">2025-09-16</subfield>
    <subfield code="t">1</subfield>
    <subfield code="w">2025-09-16</subfield>
    <subfield code="y">1</subfield>
  </datafield>
  <datafield tag="999" ind1=" " ind2=" ">
    <subfield code="c">4957</subfield>
    <subfield code="d">4957</subfield>
  </datafield>
</record>
